|
|
|
|
| LEADER |
00751nam a2200205 a 4500 |
| 001 |
GR-MES7100 |
| 008 |
000430s xxk 000 0 gre d |
| 020 |
|
|
|a 0198240589
|
| 040 |
|
|
|a GrPaTEI
|b gre
|c GR-PaULI
|
| 040 |
|
|
|a GrPaTEI
|b gre
|c GR-PaULI
|
| 245 |
0 |
0 |
|a How should one live? :
|b essays on the virtues /
|c Roger Crisp.
|
| 260 |
|
|
|a Oxford :
|b Clarendon press :
|b 1996
|
| 300 |
|
|
|a 263 σελ.
|
| 650 |
|
4 |
|a ΑΓΝΟΤΗΤΑ
|
| 650 |
|
4 |
|a ΗΘΙΚΗ
|
| 700 |
1 |
|
|a CRISP, ROGER
|
| 942 |
|
|
|2 ddc
|
| 952 |
|
|
|0 0
|1 0
|2 ddc
|4 0
|6 179_900000000000000_CRI
|7 0
|9 277475
|a MSLG
|b MSLG
|c BSC
|d 2021-01-17
|e 24
|f 0
|g 0.00
|l 0
|o 179.9 CRI
|p 2420000016106
|r 2021-01-17 00:00:00
|t 1
|w 2021-01-17
|y BK15
|x 20000430 0 1
|x GrPaTEI
|
| 971 |
|
|
|a .b25855694
|b 15-04-20
|c 14-09-16
|
| 999 |
|
|
|c 161234
|d 161234
|